000 00639nam a22002297a 4500
003 OSt
005 20140310182016.0
008 121120t xxu||||| |||| 00| 0 eng d
020 _a0553158899
050 _aPZ 7
_b.D251 1992
082 _aKF
_bD28sw 1992
100 _aDavids, Paul
_93755
245 _aZorba the Hutt's revenge /
_cPaul Davids.
260 _aNew York :
_bBantam Skylark Book,
_cc1992.
300 _a87 p. :
_bill. ;
_c19 cm.
541 _j1
562 _e1
650 _aStar wars
_xfiction.
_96611
650 _aStar wars
_xGalactic empire
_xfiction.
_96612
650 _aHan solo.
_93758
942 _2lcc
_cBK-KF
_kKF
999 _c8252
_d8252